000 00488nam a2200169 i 4500
001 51020
003 ES-MaACL
005 20230906162258.0
007 t|
008 030808s1969 sp ||||1| spa d
100 1 _aCurtius, Ernst.
_942251
245 1 0 _aDiario de lecturas /
_cErnst Curtius ; [traducción de Jorge Deike Robles].
260 _aMadrid :
_bTaurus,
_c[1969]
300 _a133 p. ;
_c18 cm.
700 1 _aDeike Robles, Jorge.
_943257
852 _aES-MaACL
_jC-36521
_bR.70978
999 _c51020
_d51020